000 00209nam a2200109Ia 4500
100 _aBALLVE/FAUSTIMO
942 _cBK
245 _aESSENTIALA OF ECONOMIC
260 _b#N/A
546 _aENGLISH
999 _c19314
_d19314